Revista peruana de Historia Eclesiástica / (Record no. 22003)

000 -CABECERA
fixed length control field 01909nam a22002777a 4500
003 - IDENTIFICADOR DEL NÚMERO DE CONTROL
control field AR-CdUCM
008 - DATOS DE LONGITUD FIJA--INFORMACIÓN GENERAL
fixed length control field 190425b ||||| |||| 00| 0 spa d
040 ## - FUENTE DE LA CATALOGACIÓN
Agencia/entidad que catalogó originalmente la obra MUNICIPALIDAD PROVINCIAL DEL CUSCO
Entidad que transcribió la catalogación BIBLIOTECA MUNICIPAL DEL CUSCO
082 ## - NÚMERO DE LA CLASIFICACIÓN DECIMAL DEWEY
No. de Clasificación Hist.Ecle/N°4/1995
110 ## - ENTRADA PRINCIPAL--NOMBRE DE ENTIDAD CORPORATIVA
Nombre de la institución, jurisdicción como entrada principal Instituto Peruano de Historia Eclesiástica
9 (RLIN) 47113
245 ## - MENCIÓN DE TÍTULO
Título Revista peruana de Historia Eclesiástica /
Mención de responsabilidad Instituto Peruano de Historia Eclesiástica
260 ## - PUBLICACIÓN, DISTRIBUCIÓN, ETC.
Lugar de publicación, distribución, etc. Lima.
Nombre de la editorial, distribuidor, etc. Servicio copias Gráficas,
Fecha de publicación, distribución, etc. 1995.
300 ## - DESCRIPCIÓN FÍSICA
Nº de Páginas Extensión 262 páginas. :
Dimensiones 22 cm.
440 ## - MENCIÓN DE SERIE/PUNTO DE ACCESO ADICIONAL--TÍTULO
Título Revista peruana de Historia Eclesiástica.
Número de la parte/sección de una obra N°4,1995.
9 (RLIN) 47123
505 ## - NOTA DE CONTENIDO CON FORMATO
Nota de contenido formateada Contenido: Alonso de la Cueva Ponce de León historiador de la Iglesia peruana. Guillermo Lohmann Villena. -- Don Feliciano de Vega 1580-1639, criollo jurista, maestro y prelado. José Dammert Bellido. -- Fray Víctor M Barriga, mercedario 1891-1955. Félix Denegri Luna. -- Antonio Ruiz de Montoya. Armando Nieto Vélez. -- Tres cronistas franciscanos siglos XVII-XVIII. Federico Richter. -- El matemático fray Manuel Ayala y su biblioteca. Horacio Villanueva Urteaga. -- Fray Fernando de Velarde 1594-1658. Benigno Ayarra. -- Fray Gonzalo Tenorio y sus teorías escatológicas sobre el Nuevo Mundo 1602-1682. Julián Heras. -- Melchor de Talamantes precursor de la independencia de México. Severo Aparicio. -- Ventura Travada y Córdoba. Alejandro Málaga y Dr. Eusebio Quiroz. -- Juan Espinoza Medrano. Jorge Escobar Medrano. -- Juan Meléndez Ramírez cronista dominico 1633-1710. Guillermo Álvarez Perca.
650 ## - PUNTO DE ACCESO ADICIONAL DE MATERIA--TÉRMINO DE MATERIA
Descriptor Historia eclesiástica
9 (RLIN) 42856
650 ## - PUNTO DE ACCESO ADICIONAL DE MATERIA--TÉRMINO DE MATERIA
Descriptor Educación colonial
9 (RLIN) 25888
650 ## - PUNTO DE ACCESO ADICIONAL DE MATERIA--TÉRMINO DE MATERIA
Descriptor Historia del Cusco
9 (RLIN) 1714
650 ## - PUNTO DE ACCESO ADICIONAL DE MATERIA--TÉRMINO DE MATERIA
Descriptor Religión católica
9 (RLIN) 47116
650 ## - PUNTO DE ACCESO ADICIONAL DE MATERIA--TÉRMINO DE MATERIA
Descriptor Evangelización
9 (RLIN) 47119
700 ## - PUNTO DE ACCESO ADICIONAL--NOMBRE DE PERSONA
Nombre Personal Lohman Villena, Guillermo
9 (RLIN) 47117
700 ## - PUNTO DE ACCESO ADICIONAL--NOMBRE DE PERSONA
Nombre Personal Richter, Federico
9 (RLIN) 47120
700 ## - PUNTO DE ACCESO ADICIONAL--NOMBRE DE PERSONA
Nombre Personal Dammert, José
9 (RLIN) 47121
942 ## - ELEMENTOS DE PUNTO DE ACCESO ADICIONAL (KOHA)
Fuente de clasificación
Tipo de item Revistas cusqueñas
945 ## - PROCESAMIENTO DE INFORMACIÓN LOCAL (OCLC)
Catalogador rac
Holdings
Estado de retiro (separado) Fuente de clasificación o esquema de estanterías Estado dañado Ubicación Sala donde se ubica Nombre de la colección Fecha de adquisición o compra Costo, precio normal en soles Signatura topográfica Código de Barras Última vez visto (Koha) Tipo de ítem (Koha)
No     Sala Hemeroteca Sala Hemeroteca Book Cart 2022-02-03 10.00 Hist.Ecle/N°4/1995 REVC000527 2022-02-03 Revistas cusqueñas

Powered by Koha